RESEARCH METHODOLOGY : METHODS AND TECHNIQUES . (Record no. 478005)

MARC details
000 -LEADER
fixed length control field 00799nam a2200253Ia 4500
008 - FIXED-LENGTH DATA ELEMENTS--GENERAL INFORMATION
fixed length control field 100315s9999 xx 000 0 und d
020 ## - INTERNATIONAL STANDARD BOOK NUMBER
International Standard Book Number 81-7328-036-3 
040 ## - CATALOGING SOURCE
Transcribing agency ENGLISH 
082 ## - DEWEY DECIMAL CLASSIFICATION NUMBER
Item number 3270 
Classification number 001.43 
100 ## - MAIN ENTRY--PERSONAL NAME
Personal name "KOTHARI , C . R . "
245 ## - TITLE STATEMENT
Title RESEARCH METHODOLOGY : METHODS AND TECHNIQUES .
250 ## - EDITION STATEMENT
Edition statement 2nd 
260 ## - PUBLICATION, DISTRIBUTION, ETC. (IMPRINT)
Place of publication, distribution, etc New Delhi 
Name of publisher, distributor, etc Wishwa prakashan  
Date of publication, distribution, etc 1998 
300 ## - PHYSICAL DESCRIPTION
Extent "XII,468P  "
365 ## - TRADE PRICE
Price note Rupees 
Unit of pricing
Price amount 114.75 
366 ## - TRADE AVAILABILITY INFORMATION
Publishers' discount category 15 
505 ## - FORMATTED CONTENTS NOTE
Miscellaneous information DBH 
530 ## - ADDITIONAL PHYSICAL FORM AVAILABLE NOTE
Availability source LAXMI BOOK DEPOT 868/17-02-1999 
Additional physical form available note 868/17-02-1999 
620 ## -
-- "DEFINING RESEARCH PROBLEMS , "
630 ## - SUBJECT ADDED ENTRY--UNIFORM TITLE
Uniform title RESEARCH METHODOLOGY : METHODS AND TECHNIQUES .
650 ## - SUBJECT ADDED ENTRY--TOPICAL TERM
Topical term or geographic name as entry element RESEARCH METHODOLOGY 
730 ## - ADDED ENTRY--UNIFORM TITLE
Uniform title RESEARCH METHODOLOGY : METHODS AND TECHNIQUES .
942 ## - ADDED ENTRY ELEMENTS (KOHA)
Koha item type Book
Holdings
Withdrawn status Lost status Damaged status Not for loan Home library Current library Date acquired Cost, normal purchase price Total Checkouts Full call number Barcode Date last seen Price effective from Koha item type
        Dr. V. N. Bedekar Institute of Management Studies Library Dr. V. N. Bedekar Institute of Management Studies Library 07/08/2004 135.00   001.43 /KOT  3270  VPMBRIMS-3270  03/19/2010 03/19/2010 Book